Kadra rep. Francji na mundial 2018 - Statystyki

Ogólne statystyki
  • Ten quiz został rozwiązany 334 razy
  • Średni wynik to 17 z 24
Statystyki odpowiedzi
pozycja # klub piłkarz % Poprawnych
N 10 PSG Kylian Mbappe
96%
B 1 Tottenham Hugo Lloris
95%
P 6 Man Utd Paul Pogba
93%
N 7 Atletico Antoine Griezmann
88%
P 13 Chelsea N'Golo Kante
88%
O 4 Real Raphael Varane
87%
N 9 Chelsea Olivier Giroud
86%
O 5 Barcelona Samuel Umtiti
86%
O 2 Stuttgart Benjamin Pavard
85%
N 11 Barcelona Ousmane Dembele
84%
B 16 Marsylia Steve Mandanda
83%
O 3 PSG Presnel Kimpembe
77%
O 22 Man City Benjamin Mendy
75%
B 23 PSG Alphonse Areola
74%
O 21 Atletico Lucas Hernandez
73%
P 14 Juventus Blaise Matuidi
71%
P 12 Bayern Corentin Tolisso
63%
selekcjoner - - Didier Deschamps
60%
N 8 Monaco Thomas Lemar
46%
N 18 Lyon Nabil Fekir
41%
O 19 Monaco Djibril Sidibe
39%
P 15 Sevilla Steven Nzonzi
39%
N 20 Marsylia Florian Thauvin
30%
O 17 Marsylia Adil Rami
29%
Nie znaleziono quizów pasujących do podanych kryteriów
Rozkład punktacji
Procent ludzi z każdym wynikiem
Percentyl według liczby udzielonych odpowiedzi
Twoja historia wyników
Nie rozwiązałeś tego quizu